Normal view
MARC view
Entry Personal Name
001 - CONTROL NUMBER
- control field: 56140
003 - CONTROL NUMBER IDENTIFIER
- control field: dpl
005 - DATE AND TIME OF LATEST TRANSACTION
- control field: 20230911105839.0
008 - FIXED-LENGTH DATA ELEMENTS
- fixed length control field: 230911|| aca||aabn | a|a d
040 ## - CATALOGING SOURCE
- Original cataloging agency: dpl
- Transcribing agency: dpl
100 ## - HEADING--PERSONAL NAME
- Personal name: Kannan Y.B
670 ## - SOURCE DATA FOUND
- Source citation: Work cat.: (dpl)196973: Kannan Y.B., Recent Trends In Energy Materials RTEM - 2021 :, 2021
